| 000 | 00437aam a2200181 4500 | ||
|---|---|---|---|
| 005 | 20170111094207.0 | ||
| 008 | 150727b xxu||||| |||| 00| 0 spa d | ||
| 041 | _aInglés | ||
| 082 | _a428 A545L | ||
| 100 |
_aAnderson, Anne _936041 |
||
| 100 |
_aLynch, Tony _936042 |
||
| 245 | _aListening | ||
| 260 |
_aInglaterra _bOxford _c2003 |
||
| 300 | _a154 páginas | ||
| 650 |
_aINGLÉS _92062 |
||
| 650 |
_a ENSEÑANZA _9236 |
||
| 942 | _cBK | ||
| 999 |
_c8685 _d8685 |
||